Normal view
MARC view
- Sumano Sánchez, Esteban
Entry Nombre Personal
001 - NUMERO DE CONTROL
- campo de control: 48898
003 - IDENTIFICADOR DE NUMERO DE CONTROL
- campo de control: DLC
005 - FECHA Y HORA DE LA ÜLTIMA TRANSACCIÓN
- campo de control: 20230512133228.0
008 - DATOS DE LONGITUD FIJA
- campo de control de longitud fija: 120502nn acnnnaabn |a aaa c
010 ## - NÚMERO DE CONTROL DE LA BIBLIOTECA DEL CONGRESO
- Número de control LC: no2012061521
035 ## - NUMERO DE CONTROL
- Número de control: (OCoLC)oca09187664
040 ## - FUENTE DE CATALOGACIÓN
- Agencia original de catalogación: LNT
- Lenguaje de catalogación: spa
- Agencia de transcripción: LNT
- Agencia que lo modifica: MX-MxUPN
100 1# - ENCABEZAMIENTO - NOMBRE PERSONAL
- Nombre personal: Sumano Sánchez, Esteban
400 1# - VEÁSE - NOMBRE DE PERSONA
- Personal name: Sánchez, Esteban Sumano
670 ## - FUENTE EN LA QUE SE LOCALIZARON DATOS
- Cita de la fuente: Hacia una historia de la arquitectura oaxaqueña, 2009:
- Información localizada: portada (Esteban Sumano Sánchez)
670 ## - FUENTE EN LA QUE SE LOCALIZARON DATOS
- Cita de la fuente: Oaxaca, 2012 :
- Información localizada: reverso de la portada (Esteban Sumano Sánchez)
902 ## - CATALOGADOR
- Catalogador: VíctorGodínez/120523
